DEVELOPING THE LIFE SKILLS IN DIGITAL ERA: (Record no. 182828)

MARC details
000 -LEADER
fixed length control field 00610 a2200193 4500
005 - DATE AND TIME OF LATEST TRANSACTION
control field 20211207141217.0
010 ## - LCCN (DPL NO)
LC control number ENG-130222
020 ## - INTERNATIONAL STANDARD BOOK NUMBER
Terms of availability 600.00
International Standard Book Number 978-81-947388-4-8
035 ## - SYSTEM CONTROL NUMBER
System control number EN-113754
037 ## - SOURCE OF ACQUISITION
Source of stock number/acquisition DBAD / PUB
082 ## - DEWEY DECIMAL CLASSIFICATION NUMBER
Classification number 608
100 ## - MAIN ENTRY--PERSONAL NAME
Personal name Mohanasundaram, K.
245 ## - TITLE STATEMENT
Title DEVELOPING THE LIFE SKILLS IN DIGITAL ERA:
Statement of responsibility, etc Editor K. Mohanasundaram
250 ## - EDITION STATEMENT
Edition statement 2020
260 ## - PUBLICATION, DISTRIBUTION, ETC. (IMPRINT)
Place of publication, distribution, etc Gujarat
Name of publisher, distributor, etc Krishna Publication House
Date of publication, distribution, etc 2020
270 ## - ADDRESS
City Gujarat
Postal code 364002
Address 303, YaskKunj, Apartment, Devbaug, Anantwadi, Bhavnagar
300 ## - PHYSICAL DESCRIPTION
Extent 113p.
Dimensions 20cm (pbk)
942 ## - ADDED ENTRY ELEMENTS (KOHA)
Institution code [OBSOLETE] dpl
Item type English Books
Source of classification or shelving scheme Dewey Decimal Classification
Classification part 608
Call number suffix MOH
Holdings
Withdrawn status Lost status Not for loan Collection code Home library Current library Date acquired Source of acquisition Cost, normal purchase price Full call number Barcode Copy number Cost, replacement price Koha item type
      Non-fiction Shahdara Branch Shahdara Branch 07/12/2021 DBAD/PUB 600.00 608 DEV EN-113754 1 600.00 English Books

© Delhi Public Library
Hit Counter
free hit counter